Computational intelligence : an introduction

Αποθηκεύτηκε σε:
Λεπτομέρειες βιβλιογραφικής εγγραφής
Κύριος συγγραφέας: Engelbrecht, Andries P.
Μορφή: Βιβλίο
Γλώσσα:English
Δημοσίευση: Chichester, England : Hoboken, N.J : Wiley, c2002
Θέματα:
Ετικέτες: Προσθήκη ετικέτας
Δεν υπάρχουν, Καταχωρήστε ετικέτα πρώτοι!

MARC

LEADER 00000nam a2200000 i 4500
001 1/73197
008 050310s2002 eng d
020 |a 0-470-84870-7 (hbk.) 
035 |l 10077029 
040 |a GR-MY-UA  |b gre  |e aacr 
041 0 |a eng 
082 0 |a 006.3  |2 (21) 
100 1 |a Engelbrecht, Andries P. 
245 1 0 |a Computational intelligence :  |b an introduction /  |c Andries P. Engelbrecht 
260 |a Chichester, England :   |a Hoboken, N.J :   |b Wiley,   |c c2002 
300 |a xvi, 288 σ.;  |b εικ., σχ.;  |c 25 εκ. 
504 |a Περιλαμβάνει βιβλιογραφικές αναφορές και ευρετήριο 
650 0 0 |a Soft computing. 
650 0 0 |a Neural networks (Computer science) 
650 0 0 |a Evolutionary programming (Computer science) 
650 0 0 |a Fuzzy sets. 
852 |a INST  |b CHIOS  |e 20050310  |h 006.3 ENG  |p 005200021902  |q 005200021902  |t BK  |y 0 
852 |a INST  |b CHIOS  |e 20050310  |h 006.3 ENG  |p 005200021903  |q 005200021903  |t BK  |y 0 
901 |a BIBL2-2005-1 
909 |a Χ  |b 112998 
909 |a Χ  |b 112997 
920 |a ΔΙΕΥΡΥΝΣΗ  |b ΕΠΕΑΕΚ-ΤΜΟΔ  |y ΧΙΟΣ  |z 2004-12 
970 |a ΣΑΛΑΜΟΥΡΑ  |b ΜΑΡΙΑ  |z 2005/03/10